Województwa Polski na dwie pierwsze litery - Statystyki

Ogólne statystyki
  • Ten quiz został rozwiązany 650 razy
    584 od ostatniego zresetowania
  • Średni wynik to 15 z 16
Odpowiedzi na mapie
Odpowiedzi zakodowano w zielono-czerwonej skali na mapie do tego quizu, zgodnie z poniższymi procentami.
 
Statystyki odpowiedzi
Województwo % Poprawnych
Małopolskie
99%
Mazowieckie
99%
Podkarpackie
99%
Podlaskie
99%
Pomorskie
99%
Śląskie
96%
Wielkopolskie
96%
Lubelskie
95%
Lubuskie
95%
Zachodniopomorskie
95%
Dolnośląski
94%
Łódzkie
93%
Opolskie
93%
Warmińsko-mazurskie
92%
Kujawsko-pomorski
91%
Świętokrzyski
89%
Nie znaleziono quizów pasujących do podanych kryteriów
Rozkład punktacji
Procent ludzi z każdym wynikiem
Percentyl według liczby udzielonych odpowiedzi
Twoja historia wyników
Nie rozwiązałeś tego quizu od ostatniego zresetowania